| 000 | 00758nam a2200193 a 4500 | ||
|---|---|---|---|
| 005 | 20210223124650.0 | ||
| 008 | 020819s1989 mx r 000 0 spa d | ||
| 035 | _aUPN01000118350 | ||
| 049 | _aCG | ||
| 050 | 4 |
_aHN29 _bM4.3 |
|
| 100 | 1 | _aMerino Gamino, Maria del Carmen. | |
| 245 | 1 | 3 |
_aLa elección de carrera y el plan de vida de los alumnos de primer ingreso a la licenciatura de trabajo social / _cMaría del Carmen Merino Gamiño con la colab. de Bruna López Tapia. |
| 260 |
_aMéxico : _bUNAM, Centro de Investigaciones y Servicios Educativos, _c1989. |
||
| 300 |
_a116 p. : _bgráfs., _ecuadros. |
||
| 440 | 0 |
_aSerie sobre la universidad ; _v14 |
|
| 650 | 4 |
_aTRABAJADORES SOCIALES _96494 |
|
| 700 | 1 |
_aLópez Tapia, Bruna, _ecolab. |
|
| 905 | _aLibro | ||
| 999 |
_c90725 _d90725 |
||